NBA Year in Review: 2004–05 - Statistics

General Stats
  • This quiz has been taken 51 times
  • The average score is 8 of 14
Answer Stats
Hint Answer % Correct
Most Valuable Player Steve Nash
100%
Assists Per Game Leader Steve Nash
100%
Finals MVP Tim Duncan
87%
All-Star Game MVP Allen Iverson
79%
Points Per Game Leader Allen Iverson
79%
Defensive Player of the Year Ben Wallace
72%
Rebounds Per Game Leader Kevin Garnett
62%
Triple-Doubles Leader Jason Kidd
57%
Rookie of the Year Emeka Okafor
34%
Coach of the Year Mike D'Antoni
28%
Blocks Per Game Leader Andrei Kirilenko
19%
Sixth Man of the Year Ben Gordon
15%
Steals Per Game Leader Larry Hughes
13%
Most Improved Player Bobby Simmons
9%
No matching quizzes found
Score Distribution
Percent of People with Each Score
Percentile by Number Answered
Your Score History
You have not taken this quiz